Lê Duẩn một nhà lãnh đạo lỗi lạc, một tư duy sáng tạo lớn của Cách mạng Việt Nam

Gardado en:
Detalles Bibliográficos
Formato: Libro
Idioma:Undetermined
Publicado: CTQG 2002
Các nhãn: Engadir etiqueta
Sen Etiquetas, Sexa o primeiro en etiquetar este rexistro!
Thư viện lưu trữ: Trung tâm Học liệu Trường Đại học Cần Thơ
LEADER 00419nam a2200121Ia 4500
001 CTU_48329
008 210402s9999 xx 000 0 und d
082 |a 959.7043092 
082 |b L250 
245 0 |a Lê Duẩn một nhà lãnh đạo lỗi lạc, một tư duy sáng tạo lớn của Cách mạng Việt Nam 
260 |b CTQG 
260 |c 2002 
980 |a Trung tâm Học liệu Trường Đại học Cần Thơ